000 00265nam a2200109Ia 4500
008 190907s9999||||xx |||||||||||||| ||und||
100 _aAshfaq Husain
245 0 _aGentle Man : Allah Allah
260 _aLahore
_bIdarahai Matbuaat
_c2001
300 _a224
942 _cBK
999 _c6228
_d6228